000 00764nam a2200241 a 4500
005 20240919064406.0
008 150429s2009 mx r 000 0 spa d
020 _a9789706868190 (13 dígitos)
020 _a9706868194 (10 dígitos)
035 _aUPN01000203158
049 _aCG
050 4 _aHB75
_bB7.3 2009
100 1 _aBrue, Stanley L.,
_d1945-
_937301
245 1 0 _aHistoria del pensamiento económico /
_cStanley L. Brue, Randy R. Grant ; tr. Guadalupe Meza Staines.
250 _a7a ed.
260 _aMexico :
_bCengage Learning,
_c2009.
300 _axiv, 544 p. :
_bfigs., tablas
650 4 _aEconomía
_xHistoria
_916774
650 7 _aHistoria económica
_2
_910243
700 1 _aGrant, Randy R.,
_ecoaut.
905 _aLibro
999 _c175259
_d175259